000 00478nam a2200181Ia 4500
001 10130
005 20260306161809.0
008 260306t1996||||xx |||||||||||||| ||spa||
041 _aESP
082 _a901
_bF43A
100 _aFerrater Mora, José
_eAUT
245 0 _aCuatro visiones de la historia universal:
_bSan Agustín, Vico, Voltaire, Hegel
260 _c1996
300 _av, 111 páginas :
_c18 cm.
650 _aGEN
654 _aCHU
942 _cLIB
_dJUS
_fJUS
_2ddc
_n
999 _c10130
_d10130